<?xml version="1.0" encoding="UTF-8"?>
<collection xmlns="http://www.loc.gov/MARC21/slim">
 <record>
  <leader>02947nam a2200301 a 4500</leader>
  <controlfield tag="001">1/49193</controlfield>
  <controlfield tag="008">200128s2019    gr       b    00110 gre  </controlfield>
  <datafield tag="020" ind1=" " ind2=" ">
   <subfield code="a">9789604188529</subfield>
  </datafield>
  <datafield tag="035" ind1=" " ind2=" ">
   <subfield code="l">52194</subfield>
  </datafield>
  <datafield tag="040" ind1=" " ind2=" ">
   <subfield code="a">GR-PeUP</subfield>
  </datafield>
  <datafield tag="082" ind1="0" ind2="0">
   <subfield code="a">333.79 ΚΙΟ</subfield>
  </datafield>
  <datafield tag="100" ind1="1" ind2=" ">
   <subfield code="a">Κιοσκερίδης, Ιορδάνης Ν.</subfield>
  </datafield>
  <datafield tag="245" ind1="1" ind2="0">
   <subfield code="a">Ανανεώσιμες πηγές ενέργειας και εφαρμογές των ηλεκτρονικών ισχύος /</subfield>
   <subfield code="c">Ιορδάνης Ν. Κιοσκερίδης.</subfield>
  </datafield>
  <datafield tag="250" ind1=" " ind2=" ">
   <subfield code="a">2η έκδ.</subfield>
  </datafield>
  <datafield tag="260" ind1="0" ind2=" ">
   <subfield code="a">Θεσσαλονίκη :</subfield>
   <subfield code="b">Τζιόλας,</subfield>
   <subfield code="c">2019.</subfield>
  </datafield>
  <datafield tag="300" ind1=" " ind2=" ">
   <subfield code="a">xviii, 876 σ. :</subfield>
   <subfield code="b">εικ., σχημ. ;</subfield>
   <subfield code="c">25 εκ.</subfield>
  </datafield>
  <datafield tag="500" ind1=" " ind2=" ">
   <subfield code="a">Πρόλογος -- Κεφάλαιο 1. Αρχές λειτουργίας των διατάξεων ηλεκτρονικών ισχύος -- Κεφάλαιο 2. Ημιαγωγοί διακόπτες -- Κεφάλαιο 3. Πειραματικές διατάξεις μετατροπέων ισχύος -- Κεφάλαιο 4. Αμφίδρομος μετατροπέας συνεχούς ρεύματος και αποθήκευση της ηλεκτρικής ενέργειας -- Κεφάλαιο 5. Επαγωγική θέρμανση -- Κεφάλαιο 6. Ηλιακή ακτινοβολία και γεωμετρία -- Κεφάλαιο 7. Φωτοβολταϊκές μονάδες και συστήματα -- Κεφάλαιο 8. Σχεδίαση φωτοβολταϊκών εγκαταστάσεων -- Κεφάλαιο 9. Σταθμοί ηλεκτροπαραγωγής και θέρμανση από τον ήλιο -- Κεφάλαιο 10. Μετατροπή της αιολικής ενέργειας -- Κεφάλαιο 11. Ηλεκτρογεννήτριες -- Κεφάλαιο 12. Σχεδίαση και έλεγχος των ανεμογεννητριών -- Κεφάλαιο 13. Γεωθερμία -- Κεφάλαιο 14. Μετρήσεις και ανάλυση των ηλεκτρικών κυκλωμάτων -- Κεφάλαιο 15. Μαγνητικά κυκλώματα -- Κεφάλαιο 16. Ενεργά φίλτρα RC -- Ευρετήριο.</subfield>
  </datafield>
  <datafield tag="504" ind1=" " ind2=" ">
   <subfield code="a">Περιλαμβάνει βιβλιογραφίες και ευρετήριο.</subfield>
  </datafield>
  <datafield tag="650" ind1=" " ind2="4">
   <subfield code="a">Ηλεκτρονικά ισχύος.</subfield>
  </datafield>
  <datafield tag="650" ind1=" " ind2="4">
   <subfield code="a">Ηλεκτρικοί μετατροπείς ρεύματος.</subfield>
  </datafield>
  <datafield tag="650" ind1=" " ind2="4">
   <subfield code="a">Ενεργειακοί πόροι.</subfield>
  </datafield>
  <datafield tag="650" ind1=" " ind2="4">
   <subfield code="a">Ενέργεια (Μηχανική).</subfield>
  </datafield>
  <datafield tag="650" ind1=" " ind2="4">
   <subfield code="a">Power electronics.</subfield>
  </datafield>
  <datafield tag="650" ind1=" " ind2="4">
   <subfield code="a">Electric current converters.</subfield>
  </datafield>
  <datafield tag="650" ind1=" " ind2="4">
   <subfield code="a">Power resources.</subfield>
  </datafield>
  <datafield tag="650" ind1=" " ind2="4">
   <subfield code="a">Power (Mechanics)</subfield>
  </datafield>
  <datafield tag="852" ind1=" " ind2=" ">
   <subfield code="a">INST</subfield>
   <subfield code="b">UNIPILB</subfield>
   <subfield code="c">MAIN</subfield>
   <subfield code="e">20200128</subfield>
   <subfield code="h">333.79 ΚΙΟ</subfield>
   <subfield code="p">00182178</subfield>
   <subfield code="q">00182178</subfield>
   <subfield code="t">LOAN</subfield>
   <subfield code="y">0</subfield>
   <subfield code="4">1</subfield>
  </datafield>
  <datafield tag="852" ind1=" " ind2=" ">
   <subfield code="a">INST</subfield>
   <subfield code="b">UNIPILB</subfield>
   <subfield code="c">MAIN</subfield>
   <subfield code="e">20200128</subfield>
   <subfield code="h">333.79 ΚΙΟ</subfield>
   <subfield code="p">00182179</subfield>
   <subfield code="q">00182179</subfield>
   <subfield code="t">LOAN</subfield>
   <subfield code="y">0</subfield>
   <subfield code="4">2</subfield>
  </datafield>
 </record>
</collection>
